Number systems (Record no. 19415)

000 -LEADER
fixed length control field 00488nam a2200181 4500
001 - CONTROL NUMBER
control field 19415
003 - CONTROL NUMBER IDENTIFIER
control field BD-DhUET
008 - FIXED-LENGTH DATA ELEMENTS--GENERAL INFORMATION
fixed length control field 731001s1967 enka 000 0 eng
040 ## - CATALOGING SOURCE
Original cataloging agency DLC
Transcribing agency DLC
Modifying agency BD-DhUET
082 00 - DEWEY DECIMAL CLASSIFICATION NUMBER
Classification number 512.81
Item number KEE/1965
100 ## - MAIN ENTRY--PERSONAL NAME
Personal name Keedy, Mervin L.
245 10 - TITLE STATEMENT
Title Number systems
Remainder of title a modern introduction
250 ## - EDITION STATEMENT
Edition statement 1st ed.
260 ## - PUBLICATION, DISTRIBUTION, ETC. (IMPRINT)
Place of publication, distribution, etc. Massachusetts
Name of publisher, distributor, etc. Addison-Wesley
Date of publication, distribution, etc. 1965
300 ## - PHYSICAL DESCRIPTION
Extent ix, 226p.
Other physical details illus
Dimensions 21 cm.
650 #0 - SUBJECT ADDED ENTRY--TOPICAL TERM
Topical term or geographic name as entry element Numbers, Theory of :Mathematics
942 ## - ADDED ENTRY ELEMENTS (KOHA)
Koha item type General Book
Holdings
Piece designation (barcode) Damaged status Source of classification or shelving scheme Koha item type Date acquired Lost status Withdrawn status Koha normalized classification for sorting Location (home branch) Price effective from Koha date last seen Koha full call number Not for loan Sublocation or collection (holding branch) Copy number Shelving location
15172  General Book2015-04-05  512_810000000000000_KEE_1965Central Library, BUET2015-04-052015-04-05512.81/KEE/1965 Central Library, BUET1Circulation section
15173  General Book2015-04-05  512_810000000000000_KEE_1965Central Library, BUET2015-04-052015-04-05512.81/KEE/1965 Central Library, BUET2Circulation section
15174  General Book2015-04-05  512_810000000000000_KEE_1965Central Library, BUET2015-04-052015-04-05512.81/KEE/1965 Central Library, BUET3Circulation section
15175  General Book2015-04-05  512_810000000000000_KEE_1965Central Library, BUET2015-04-052015-04-05512.81/KEE/1965 Central Library, BUET4Circulation section